000 00515nam a2200181Ia 4500
001 17634
005 20260306171531.0
008 260306s9999||||xx |||||||||||||| ||und||
041 _aESP
082 _a658.1
_bS79
100 _aStettinius, Wallace
_eAUT
245 0 _aPlan de negocio:
_bcómo diseñarlo e implementarlo. Todos los pasos desde el diseño a la puesta en marcha y revisión
260 _c2009
300 _a155 páginas :
_c23 cm.
650 _aGEN
654 _aCAN
942 _cLIB
_dJUS
_fJUS
_2ddc
_n
999 _c17634
_d17634